Airlines at Beijing airports - Statistics

General Stats
  • This quiz has been taken 136 times
    54 since last reset
  • The average score is 45 of 86
Answer Stats
Answer % Correct
Air China
95%
Thai Airways International
95%
Japan Airlines
92%
Korean Air
92%
Singapore Airlines
92%
All Nippon Airways
89%
Aeroflot
86%
China Eastern Airlines
86%
China Southern Airlines
86%
Emirates
86%
AirAsia
84%
AirAsia X
84%
British Airways
84%
EVA Air
84%
Malaysia Airlines
84%
Thai AirAsia
84%
Vietnam Airlines
84%
Air France
81%
Cathay Pacific
81%
China Airlines
81%
Qatar Airways
81%
Turkish Airlines
81%
United Airlines
81%
Lufthansa
78%
Philippine Airlines
76%
Air Canada
73%
Etihad Airways
73%
Sichuan Airlines
73%
XiamenAir
73%
Asiana Airlines
70%
KLM
70%
Hainan Airlines
68%
Pakistan International Airlines
65%
Hong Kong Airlines
62%
Saudia
62%
Air Astana
59%
Shenzhen Airlines
59%
Jeju Air
57%
Uzbekistan Airways
57%
Ethiopian Airlines
54%
Air Macau
51%
S7 Airlines
51%
Beijing Airlines
49%
Chongqing Airlines
49%
Shanghai Airlines
49%
Air Koryo
46%
Egyptair
46%
Shandong Airlines
46%
Thai Lion Air
46%
Tibet Airlines
46%
MIAT Mongolian Airlines
43%
Royal Brunei Airlines
43%
Azerbaijan Airlines
41%
Spring Airlines
41%
Spring Airlines Japan
41%
Kunming Airlines
38%
Lucky Air
38%
Turkmenistan Airlines
38%
9 Air
35%
Chengdu Airlines
35%
China United Airlines
35%
Juneyao Air
35%
Mahan Air
35%
Qingdao Airlines
35%
Cambodia Airways
30%
Dalian Airlines
30%
HK Express
30%
Beijing Capital Airlines
27%
Iraqi Airways
27%
Loong Air
24%
Ural Airlines
24%
Colorful Guizhou Airlines
22%
Donghai Airlines
22%
Himalaya Airlines
16%
Hunnu Air
16%
Jiangxi Air
16%
T'way Air
16%
Air Algérie
14%
Aurora
14%
Hebei Airlines
14%
Thai VietJet Air
14%
Air Travel
11%
Grand China Air
11%
Maldivian
11%
Royal Air Philippines
3%
SereneAir
0%
No matching quizzes found
Score Distribution
Percent of People with Each Score
Percentile by Number Answered
Your Score History
You have not taken this quiz since the last reset